País Vasco por imagen - Estadísticas

Estadísticas generales
  • Esta prueba ha sido intentada 390 veces
  • La puntuación promedio es 11 de 18
Estadísticas de respuestas
Imagen Hint Respuesta % Correcto
(empresa) Iberdrola
92%
(deporte) Pelota vasca
91%
(ciudad) San Sebastián
90%
(bandera) Ikurriña
89%
(grupo de comunicación) Euskal Irrati Telebista
74%
(barco) Gabarra del Athletic
73%
(queso) Idiazábal
70%
(plato) Marmitako
68%
(puente) Puente de Vizcaya
67%
(árbol) Árbol de Guernica
66%
(político) Arnaldo Otegi
64%
(islote) Gaztelugache
62%
(circunnavegante) Juan Sebastián Elcano
58%
(esculturas) Peine del viento XV
44%
(personaje) Celedón
42%
(santo) San Mamés
39%
(barrio) Casco Viejo
31%
(santo) Ignacio de Loyola
31%
No se encontraron pruebas coincidentes
Distribución de puntuación
Porcentaje de gente con cada puntuación
Porcentaje por número respondido
Historial de tus puntuaciones
No has intentado esta prueba.